000 00677nam a2200241Ia 4500
003 OSt
005 20220930195335.0
006 a|||||r|||| 00| 0
007 ta
008 220926b |||||||| |||| 00| 0 hin d
024 _a15076
037 _cDissertations
040 _aCRL
_cCRL
_bhin
041 _2hin
_ahin
100 _aGupta Saroj
110 _aUniversity of Delhi. Faculty of Arts. Department of Hindi
245 0 _aUkhade hue lok ka alochanatamak adhyan
260 _c1974
650 _aHINDI LITERATURE
_923866
700 _aUniversity of Delhi. Faculty of Arts. Department of Hindi
942 _cDIS
_2CC
999 _c898947
_d898947